Methods for measuring quality of Libraries / (Record no. 63297)

MARC details
000 -LEADER
fixed length control field 00492nam a22001577a 4500
005 - DATE AND TIME OF LATEST TRANSACTION
control field 20180803121445.0
020 ## - INTERNATIONAL STANDARD BOOK NUMBER
International Standard Book Number 817000439X
Terms of availability 650.00
035 ## - SYSTEM CONTROL NUMBER
System control number B-219991, B-219989
037 ## - SOURCE OF ACQUISITION
Stock number DPL
Source of stock number/acquisition ENG
100 ## - MAIN ENTRY--PERSONAL NAME
Personal name Bavakutty, M.
245 ## - TITLE STATEMENT
Title Methods for measuring quality of Libraries /
Statement of responsibility, etc by M Bavakutty and K C Abdul Majeed
260 ## - PUBLICATION, DISTRIBUTION, ETC. (IMPRINT)
Place of publication, distribution, etc New Delhi
Name of publisher, distributor, etc Ess Ess Publications
Date of publication, distribution, etc 2005
300 ## - PHYSICAL DESCRIPTION
Extent 298p.
Dimensions 20 cms.
700 ## - ADDED ENTRY--PERSONAL NAME
Personal name Majeed, K C Abdul
9 (RLIN) 42747
942 ## - ADDED ENTRY ELEMENTS (KOHA)
Source of classification or shelving scheme Dewey Decimal Classification
Item type English Books
Classification part 025.04
Call number suffix BAV
Holdings
Withdrawn status Lost status Not for loan Collection code Home library Current library Date acquired Cost, normal purchase price Full call number Barcode Cost, replacement price Koha item type Source of acquisition
      Non-fiction Patel Nagar Patel Nagar 03/08/2018 650.00 025.04 BAV B-219989 650.00 English Books BPPD/PUB
      Non-fiction Sarojini Nagar Sarojini Nagar 21/02/2012 650.00 025.04 BAV B-219991 650.00 English Books  

© Delhi Public Library
Hit Counter
free hit counter